|
|
|
|
| LEADER |
00000nam0a2200000 4500 |
| 001 |
33512 |
| 005 |
20231030214614.0 |
| 035 |
|
|
|a (RuTPU)RU\TPU\book\33858
|
| 035 |
|
|
|a BOOK00000509
|
| 090 |
|
|
|a 33512
|
| 100 |
|
|
|a 20011210d1973 km y0rusy50 ca
|
| 101 |
0 |
|
|a rus
|
| 102 |
|
|
|a BY
|
| 105 |
|
|
|a y g 000zy
|
| 200 |
1 |
|
|a Справочное пособие по теории систем автоматического регулирования и управления
|f Под общ. ред. проф. Е. А. Санковского
|
| 210 |
|
|
|a Минск
|c Высшая школа
|d 1973
|
| 215 |
|
|
|a 584 с.
|
| 610 |
1 |
|
|a регулирование
|
| 610 |
1 |
|
|a теория
|
| 610 |
1 |
|
|a управление
|
| 610 |
1 |
|
|a автоматизация
|
| 610 |
1 |
|
|a справочники
|
| 675 |
|
|
|a 62-50(03)
|v 3
|
| 702 |
|
1 |
|a Санковский
|b Е. А.
|g Евгений Антонович
|4 340
|
| 801 |
|
0 |
|a RU
|b 63413507
|c 20011210
|g PSBO
|
| 801 |
|
2 |
|a RU
|b 63413507
|c 20201116
|g PSBO
|
| 942 |
|
|
|c BK
|